Mobile Legends: Couple character - Statistics

General Stats
  • This quiz has been taken 1,798 times
    1,754 since last reset
  • The average score is 11 of 19
Answer Stats
Characters Characters % Correct
Alucard Miya
92%
Clint Layla
85%
Gusion Lesley
84%
Lancelot Odette
84%
Harith Nana
83%
Hayabusa Kagura
81%
Hanzo Hanabi
78%
Argus Rafaela
72%
Faramis Vexana
59%
Roger Ruby
50%
Balmond Hilda
48%
Gord Eudora
46%
Zilong Freya
45%
Harley Lylia
42%
Cyclops Chang'e
40%
Tigreal Natalia
25%
Yi Sun-Shin Kadita
22%
Leomord Irithel
21%
Claude Kimmy
18%
No matching quizzes found
Score Distribution
Percent of People with Each Score
Percentile by Number Answered
Your Score History
You have not taken this quiz since the last reset